000 00479nam a2200169Ia 4500
008 090201s9999 xx 000 0 und d
010 _aKPL-22311
040 _bमराठी
041 _aमराठी
082 _a12817
_b22311
100 _aपु भा भावे
245 _aफुलवा
_cपु भा भावे
260 _c2004
_bमेनका प्रकाशन
300 _a111
_bमोठा
600 _aफुलवा
942 _cBOOK
999 _c213056
_d213056